000 00387nam a22001217a 4500
999 _c3636
_d3636
005 20201209114824.0
008 201209b ||||| |||| 00| 0 eng d
020 _a996646249X
040 _cCML
245 _aPhysical Education for Primary Schools
_cOtieno J.
260 _aNairobi
_bEast African Educational Publishers Ltd
_c1985
942 _2ddc
_cBK
_e1st Edition
_h613
_mOTI